000 00835nam a2200337Ia 4500
001 5260
003 10520
005 20241002063726.0
008 ||||||n9999 ||| || ||
020 _a9682312647
041 _aspa
082 _221
_a338
110 _aSistema Económico Latinoamericano
_9182852
245 0 _aRelaciones economicas de America Latina con Estados Unidos 1982 - 1983
250 _a2ed
260 _aMéxico :
_bSiglo Veintiuno Editores,
_c1984.
300 _a134p
562 _e1
650 _aESTADOS UNIDOS
_91815
650 _aNEGOCIACIONES
_99325
650 0 _aPolítica económica
_9154
650 _aPOLÍTICA EXTERIOR
_99326
942 _cBKM
999 _c5260
_d5260
526 _a116204
526 _a4969
526 _a19790
526 _a104436
526 _a5144
526 _a51868
526 _a1697